[Event "EU-chT (Men) 20th"]
[Site "Reykjavik"]
[Date "2015.11.20"]
[Round "7.3"]
[White "Bacrot, Etienne"]
[Black "Tomashevsky, Evgeny"]
[Result "1/2-1/2"]
[WhiteElo "2686"]
[BlackElo "2743"]
[Annotator "Tomashevsky,E"]
[PlyCount "143"]
[EventDate "2015.11.13"]
[EventType "team-swiss"]
[EventRounds "9"]
[EventCountry "ISL"]
[SourceTitle "CBM 170"]
[Source "ChessBase"]
[SourceDate "2016.01.15"]
[SourceVersion "1"]
[SourceVersionDate "2016.01.15"]
[SourceQuality "1"]
[WhiteTeam "France"]
[BlackTeam "Russia"]
[WhiteTeamCountry "FRA"]
[BlackTeamCountry "RUS"]

1. d4 d5 2. c4 c6 3. Nc3 Nf6 4. Nf3 a6 5. e3 Bf5 6. Ne5 Nbd7 7. Qb3 Qc7 8. cxd5
Nxe5 9. dxe5 Nxd5 10. Nxd5 cxd5 11. Bd2 Qxe5 12. Be2 Qd6 13. Qxb7 Rb8 14. Qa7
Rxb2 15. Bd1 f6 16. Bb3 Bc2 17. Qd4 Bxb3 18. Qxb2 Bc4 19. Rb1 Kf7 20. f3 g6 21.
a4 Bg7 22. Qb4 Qe5 23. Kf2 Bd3 24. Bc3 Qf5 25. Rbd1 h5 26. Qd4 Bc2 27. Qxd5+
Qxd5 28. Rxd5 Bxa4 29. Rc1 {Das entstandene für Schwarz trostlose Endspiel
ist in erster Linie das Ergebnis des von Etienne gewonnenen Eröffnungsduells.
Zukünftige Untersuchungen und Partien werden zeigen, ob Schwarz in dieser
Variante tatsächlich vor ernsthaften Schwierigkeiten steht oder ob es mir
schlicht und einfach nicht gelungen ist, auf die Aktionen meines Gegners
richtig zu reagieren. Wie dem auch sei, nun verfügte mein Gegner nicht nur
über eine Mehrqualität, sondern hatte er auch für diese Stellung 30 Minuten
weniger verbraucht. Vielleicht wäre es für ihn aufgrund meiner Zeitnot aus
praktischer Sicht ratsamer gewesen, die Damen auf dem Brett zu lassen, aber
die weitere Analyse wird uns zeigen, dass man bis zu einem gewissen Moment
Bacrots Spiel nicht bemängeln kann.} Rb8 30. Rc5 Rb6 31. Rc7 Re6 {Die
konkreten Varianten spielen hier, solange es keinen Nahkampf gibt, eine viel
kleinere Rolle als schematisches Denken. Es ist offensichtlich, dass es zum
weißen Plan gehört, mit allen Kräften den Bauern e7 anzugreifen, um die
gegnerischen Figuren mit dessen Verteidigung zu beschäftigen. Erst danach
wird er sich überlegen, wo der entscheidende Durchbruch zu erfolgen hat, ob
es für ihn Sinn macht, davor die Türme zu tauschen usw. In diesem
Zusammenhang gefällt mir der nächste Zug von Weiß nicht besonders, obwohl
er objektiv gesehen noch nichts verdirbt.} 32. h4 {Zuerst dachte ich, dieser
Zug wäre ein ernsthafter positioneller Fehler, der dem Weißen zusätzliche
Schwierigkeiten bereitete, seinen Vorteil zu verwerten - jetzt steht ihm die
Option h3, g4 nicht mehr zur Verfügung; außerdem kann der schwarze König,
falls sich sein Vis-a-vis zum Damenflügel begibt (was sehr wahrscheinlich ist)
, nach dem erzwungenen f3-f4 in einigen Varianten den g-Bauern angreifen.
Jetzt neige ich aber zur Ansicht, dass hier andere Ideen wesentlicher sind,
bei denen den Weißen nicht stört, dass sich sein Bauer nun auf h4 befindet.}
({Ich würde an dieser Stelle vermutlich bevorzugen, einstweilen} 32. Bd4 {
zu spielen, und erst nach z.B.} Bb5 33. Ra7 Bf8 34. Rcc7 Bd3 35. Bc5 Bb5 {
würde ich mir weitere Gedanken machen (selbstverständlich sind in so einer
Stellung die Abspiele nicht forciert, sondern sie haben einen illustrativen
Charakter, während ihre konkrete Ausführung in der Partie auch anders sein
kann - das gleiche gilt auch für die nachfolgenden Varianten)} 36. Rcb7 $1 {
Meines Erachtens ist es hier für Weiß das beste, unverzüglich die Türme zu
tauschen, und danach mit dem Königsmarsch anzufangen.} ({Sowohl} 36. h3 Bd3 (
36... h4) 37. g4 ({oder} 37. f4) 37... hxg4 (37... h4) 38. hxg4 g5) ({als auch
} 36. g3 Bd3 37. h3 Bb5 38. f4 {wird in der Folge des weiteren Spiels am
Königsflügel die Anzahl der Bauern reduzieren - Alexej Iljushin und ich sind
nach einer gemeinsamen Analyse zu dem Schluss gekommen, dass es dem Schwarzen
nur zusätzliche Verteidigungsoptionen anbieten würde und somit für den
Anziehenden unerwünscht wäre.}) 36... Bc4 37. Rb6 Rxb6 38. Bxb6 Bb5 39. Bc5 (
{(interessant ist auch die andere Möglichkeit, die schwarze
Verteidigungslinie durchzubrechen: die Ausführung von e4-e5, um dann mit dem
Läufer zurückzunehmen und nach dem weiteren Manövrieren in einer Stellung
mit dem König auf e4 im passenden Moment den Vorstoß f4-f5 durchzusetzen.
Denkbar wäre z. B.} 39. e4 Ke6 40. Bc5 Kf7 41. g3 Ke6 42. Ke3 Kf7 43. f4 Ke6
44. Bd4 Kf7 45. Rb7 Ke6 46. Rb6+ Kf7 47. e5 fxe5 48. Bxe5 Bf1 49. Rb7 Bb5 50.
Ra7 Ke6 51. Bd4 Kf7 52. Bc5 Bc4 53. Ke4 Bb5 54. Rc7 a5 55. f5 {, und Weiß ist
dem Gewinn nahe - für diesen Plan ist es übrigens in der Tat besser, den
h-Bauern auf h2 zu belassen. Andererseits aber haben wir für Weiß keine
Gründe entdeckt, auf die Hauptvariante, die mit 39.Bc5 anfängt, zu
verzichten.}) 39... Bd3 40. f4 (40. h3 {würde die Sache nur erschweren, z.B.}
Ke6 41. g3 Kf7 42. g4 hxg4 43. hxg4 g5 44. f4 gxf4 45. exf4 Bc4 46. f5 Bb5 47.
Kg3 Bc4 48. Kh4 Bd3 49. Kh5 Be2 50. Kh4 Bd3 51. Ba3 Bc4 52. g5 fxg5+ 53. Kxg5
Ke8 54. Bb4 Bb3 55. Rxa6 Bg7 56. Ra3 Bf6+ 57. Kf4 Bc4 58. Bc3 Kf7 59. Be5 Bxe5+
(59... Bh4) 60. Kxe5 Ke8 61. Ra8+ Kf7 62. Ra7 Kf8 {und in einer Stellung
dieser Art kommt Weiß nicht weiter.}) 40... Ke6 41. g3 Kf7 42. Ke1 {und der
weiße König begibt sich nach d8, um den Angriff seiner Figuren gegen den
Bauern e7 entscheidend zu verstärken:} Bb5 43. Kd2 Bf1 44. Kc3 Bb5 45. Kb4 Bf1
46. Ka5 Bb5 (46... g5 {!?} 47. Kb6) 47. Kb6 Ke8 48. Kc7 Bg7 49. Ra8+ Kf7 50.
Kd8 {- und das war es! Es ist nicht zu sehen, was Schwarz diesem einfachen und
klaren Plan entgegensetzen kann. Ich würde jetzt nicht behaupten, dass das
Endspiel für Schwarz vom Anfang an „mathematisch“ verloren ist 
(vielleicht verfügt er irgendwo unterwegs über tollkühnes Spiel mit g5 und
h4), aber in einer praktischen Partie ist es extrem schwierig oder gar
unmöglich, eine solche Stellung zu halten. Es sei denn, der Gegner findet den
richtigen Plan nicht.}) 32... Bb5 33. Bd4 Bf8 34. Ra7 Rd6 35. Rcc7 Re6 36. e4 {
Seltsamerweise hielt ich diesen „Lehrbuchzug“, mit dem der Anziehende den
„freien“ gegnerischen weißfeldrigen Läufer einschränkt (den Bf8 braucht
man jetzt nicht zu begrenzen, das machen seine eigenen Bauern e7 und f6
"erfolgreich" genug), zuerst für zweifelhaft, aber wahrscheinlich lässt er
den Gewinn noch nicht aus.} ({Einfacher wäre jedoch} 36. Rcb7 Bg7 37. Bc5 Bf8
38. Rb6 Rxb6 39. Bxb6 Ke6 40. g3 Kf7 41. f4 Ke6 42. Bc5 Kf7 43. Ke1 {wieder
– genauso wie in der vorherigen Variante - mit der Idee des Eindringen des
Königs ins gegnerische Lager, z.B.} Ke6 44. Kd2 Kf7 45. Kc3 Ke6 46. Kb4 Kf7
47. Ka5 Bd3 48. Kb6 Ke6 49. Ra8 Kf7 50. Kc7 Bb5 51. Kd8 {Es ist nicht zu sehen,
warum hier die Position des Bauern h4 schlechter als auf h2 sein soll,
während sein Kollege sehr gut auf e3 platziert ist – dort ist er
unangreifbar. So eine „Damenspiel-Aufstellung“ der weißen Bauern sieht in
diesem konkreten Endspiel überhaupt sehr sinnvoll aus.}) 36... Bd3 37. Rc8 Bg7
38. Rc3 Bb5 39. Rcc7 Bh6 40. g3 Bf8 41. Ra8 Bg7 42. Rb8 Bf8 43. Rb6 Rxb6 44.
Bxb6 Ke6 45. f4 ({Der von mir später bei unserem Mannschaftstreffen
vorgeschlagene Plan mit e4-e5, der Überführung des Läufers nach g5, f3-f4
und der anschließenden Königsaktivierung erweist sich als nicht wirkungsvoll
genug:} 45. Bd4 Bd7 46. Ra7 Bb5 47. Rb7 Kf7 48. Bc3 Ke6 49. Rb6+ Kf7 50. e5
fxe5 51. Bxe5 Bh6 52. Rb7 Bf8 53. Kg2 ({nimmt dem schwarzfeldrigen
gegnerischen Läufer im Voraus die Möglichkeit, nach Bg5-f4, Bf8-g7 mit
Schach auf d4 zu ziehen; aber auch hier wäre es für Weiß noch möglich, zu
seiner Hauptidee zurückzukehren (s. dazu außerdem auch die Anmerkung zum 53.
Zug des Hauptabspiels), z.B.} 53. Bc3 Ke6 54. Ke3 Bh6+ 55. f4 Bf8 56. Be5 Kf7
57. Kd4 Bh6 58. Kc5 Bd3 59. Bd4 Ke6 60. Rb6+ Kf7 61. Bc3 Bf8 62. Rb7 Be4 63.
Ra7 Bd3 64. Kb6 Ke8 65. Kc7 Bb5 66. Ra8+ Kf7 67. Ra7 Ke8 68. Bd4 Be2 69. Ra8+
Kf7 70. Kd8) 53... Ke6 54. Bf4 Bg7 55. Bg5 Bf8 56. Kf2 Kf7 57. Ke3 (57. g4 hxg4
58. fxg4 Ke8 59. Ke3 Kf7 60. Ra7 Bc4 61. Bf4 Ke6 62. h5 gxh5 63. gxh5 Kf7 64.
Ra8 Ba2 65. Rxa6 Bb1 66. h6 Bc2 67. Kf3 Bh7 68. Kg4 Bd3 69. Ra3 Be4 70. Ra4 Bc2
71. Ra2 Be4 72. Kg5 Bh7 {kann gar nicht überzeugen}) 57... Bc6 {, und das
Erscheinen des weißen Königs auf b6 kann Schwarz hier mit Ke6-d6 erwidern,
außerdem muss der Anziehende ständig sowohl mit der Wanderung des
gegnerischen Monarchen nach g4, als auch mit dem Vorstoß e7-e5 rechnen.})
45... Bd3 46. Ke3 Bf1 47. Bc5 Kf7 48. Rc8 Bh3 49. Ra8 Bf1 50. Kd4 Be2 51. Rb8 (
{Es bot sich} 51. e5 $6 {an, aber nach} fxe5+ 52. fxe5 Bg4 (52... Bg7) 53. Rxa6
Bh6 54. Ra2 (54. Rb6 Bf8 55. Bb4 Bg7 56. Ra6 Bf8) 54... Ke6 {sehe ich für
Weiß keinen klaren Gewinn – der schwarze Aufbau sieht eher nach einer
Festung aus, deren Idee darin besteht, die gegnerische Aufstellung Rf8, Kd5,
welche den für Schwarz unerwünschten Zug e7-e6 erzwingen würde, zu
verhindern.} ({Schwächer ist} 54... Bf8 {?} 55. Rf2+ Bf5 56. Kd5 {und Weiß
hat zumindest einige Fortschritte gemacht)})) 51... Bf1 52. Kd5 $6 Bg2 53. Rb2
$2 {Wahrscheinlich ist erst dieser Zug ein Fehler, der auch das Ergebnis der
Partie vorherbestimmen wird!} ({Die kaltblütige Rückkehr} 53. Kd4 $1 {
auf welche bei unserem besagten Mannschaftstreffen Alexander Grischuk verwies,
erlaubte dem Weißen, den Gegner einer weiteren Bewährungsprobe zu
unterziehen. Der Anziehende plant, später mit seinem König ins schwarze
Lager doch einzudringen, und sogar in dieser Stellung sehe ich nichts, was
dieser Absicht entgegenzusetzen wäre, z.B.:} Bf1 (53... e5+ {?} 54. fxe5 fxe5+
55. Kc4 Bxc5 56. Kxc5 Bxe4 57. Kd6) 54. Kc3 Be2 55. Bd4 Bf3 56. Kd3 Bg2 57. Rb6
Bf1+ 58. Kc3 Bb5 59. e5 fxe5 60. Bxe5 {, und nun ist Weiß gar nicht
verpflichtet, seinen Läufer zurück nach c5 zu bringen – er kann ihn auf
seiner dominierenden Position in der Mitte des Brettes stehen lassen und mit
seinem König einbrechen, während sein Turm es auch alleine schafft, die
gegnerischen Aktivitätsversuche einzuschnüren. Übrigens verfügt Schwarz
bei dieser Struktur über eine sympathische Idee, die Alexej vorgeschlagen hat:
den König nach g4 und den weißfeldrigen Läufer nach f5 zu bringen, den
Bauern e7 einfach zu geben und mit dem schwarzfeldrigen Läufer hin und her zu
ziehen. Das Problem ist dabei aber, dass bei so einem Monster auf e5 der Zug
Kf5 wegen der Antwort Ra8 (oder Rb8) zum Verlust des Bf8 führen wird. Alles
in allem heißt es, dass Weiß vor seinem letzten Zug immer noch wunderbare
Gewinnchancen besaß. Natürlich springt es dabei ins Auge, dass der Vorstoß
h2-h4 unnötig war, aber das Endspiel war für Schwarz so oder so sehr
schlecht.}) 53... e6+ ({Der Fehler von Bacrot ist umso gewichtiger, dass
Schwarz auch nach dem „spöttischen“} 53... Bh1 $5 54. Rh2 e6+ 55. Kd4
Bxc5+ 56. Kxc5 Bxe4 57. Kd6 Bf5 58. Rb2 {außer des Übergangs zur
Verteidigungsidee aus der Partie (s. unten) auch mittels des aktiven} g5 {
Überlebenschancen erhält. Aber ich hatte bereits hier den Rettungshafen
einer Festung gesehen und begab mich dorthin so schnell wie möglich.}) 54. Kc4
Bxe4 55. Bxf8 Kxf8 56. Kd4 Bf5 57. Rb7 Bg4 58. Ra7 Bf5 59. Rxa6 Ke7 60. Rb6 Kf7
61. Rb7+ Kf8 62. Ra7 Bg4 63. Kc5 Bh3 64. Kd6 Bg4 65. Rc7 Bh3 66. Re7 Bg4 67.
Rxe6 Kf7 $1 {Das wichtigste für mich war, früh genug, noch als ich die Idee
der Festung entdeckte, zu begreifen, dass ich hier den Turm gar nicht schlagen
muss. Jetzt hat Weiß überhaupt keine Möglichkeiten mehr, weiter auf Gewinn
zu spielen.} 68. Re7+ Kf8 69. Rc7 Bh3 70. Rc1 Kf7 71. Re1 Bg4 72. Kd5 {, und
meine wundersame Rettung wurde offiziell anerkannt.} 1/2-1/2

[Event "Quebec op"]
[Site "Montreal"]
[Date "2000.07.28"]
[Round "8"]
[White "Tyomkin, Dimitri"]
[Black "Lesiege, Alexandre"]
[Result "0-1"]
[WhiteElo "2522"]
[BlackElo "2584"]
[Annotator "Tyomkin,D"]
[PlyCount "76"]
[EventDate "2000.07.22"]
[EventType "swiss"]
[EventRounds "9"]
[EventCountry "CAN"]
[SourceTitle "CBM 078"]
[Source "ChessBase"]
[SourceDate "2000.10.18"]
[SourceVersion "1"]
[SourceVersionDate "2000.10.18"]
[SourceQuality "1"]

1. d4 d5 2. c4 c6 3. Nf3 Nf6 4. Nc3 dxc4 5. e3 b5 6. a4 b4 7. Ne2 $5 {
Recomendation of my friend, GM Arthur Kogan. The knight is going to g3.} ({
Two main lines are:} 7. Na2) (7. Nb1) 7... e6 (7... Ba6 8. Ng3 Qd5 9. Be2 Nbd7
10. b3 e5 11. O-O (11. e4 $5 Qa5 $13 (11... Nxe4 $140 12. bxc4 $16)) 11... exd4
12. Nxd4 Bc5 13. Bb2 (13. Bf3 Qe5) 13... c3 14. Bxa6 cxb2 15. Rb1 Bxd4 16. exd4
O-O $11 {1-0 Bosboom,M-Middelburg,T/Wijk aan Zee NED 1999 (42)}) 8. Ng3 c3 $146
{This move doesn't create any problems for white. I can easily return the pawn
now, getting better position,} (8... Ba6 9. Ne5 c5 (9... Qd5 $5 10. Be2 Qxg2
11. Bf3 Qh3 12. Nxc6 Nd5 $1) 10. Be2 Nbd7 11. Nxc4 cxd4 12. exd4 Qc7 13. Ne3
Bxe2 14. Qxe2 Bd6 15. d5 e5 16. Ngf5 O-O 17. Nxd6 Qxd6 18. Nf5 Qb8 19. O-O $14
{1/2-1/2 Gormally,D-Summerscale,A/York ENG 1999 (42)}) 9. bxc3 bxc3 10. Bd3 a5
11. O-O Ba6 12. e4 Bb4 13. Bg5 $1 h6 14. Bxf6 gxf6 (14... Qxf6 15. Nh5 Qg6 16.
Ne5 Qh7 17. Bxa6 Rxa6 18. Qg4 {and black is forced to play Rg8. White has
clear advantage in this line.}) 15. e5 $2 {[%mdl 16384] Agressive move and
wrong as well. I had to win this game to achieve GMnorm in the tournament, and
this aim disturbed me to take cool decisions.} (15. Bxa6 Nxa6 16. Rc1 {[%cal
Gg3e2]} Rc8 17. Qd3 $14 {[%cal Gf1d1,Yg3e2]} (17. Ne2 c5 18. Qd3 c4 $13)) (15.
Rc1 {[%cal Gg3e2]} Bxd3 16. Qxd3 Nd7 17. Qc2 (17. Ne2 Ne5 $1 18. Nxe5 fxe5 19.
Qc4 exd4 20. Nxd4 Qb6 21. Nxe6 {and it probably leads to the draw.})) 15... f5
16. Nh5 $2 {It was my idea. From the first sight it looks quite strong,
because white has some initiative over the black king, but on the other hand
there is no way to break the fortress of black king- white has only f6-outpost
over there.} (16. Bxa6 Rxa6 17. Rc1 c5 18. Ne2 cxd4 19. Nfxd4 Nc6 $11) 16...
Nd7 17. Bxa6 Rxa6 18. Qe2 Ra7 19. Rfd1 Nb6 $17 {That's it. Black knight comes
to d5, covering all key squares. White is just pawn dawn.} 20. Rd3 (20. Nf6+
Kf8 {[%cal Gb6d5]}) 20... Nd5 21. Ne1 Rg8 22. Rad1 Kd7 $5 {Interesring plan to
transfer the king to the queenside. Of course, black is safe enough in the
center as well.} 23. Rh3 $2 {White just can not find target for attack-Nd5 has
influence all over the board.} (23. Rg3 $142 Rg6 24. Nd3 Qh4 25. Rxg6 fxg6 26.
Nf6+ $1 Nxf6 27. exf6 Qxf6 28. Ne5+ Kd6 $5 {White has 2 pawns dawn, but has
imroved the position.}) 23... Kc8 24. Rdd3 Rb7 25. Rhg3 Rg6 26. Rd1 (26. Nc2
Be7 $17 {[%cal Gb7b2,Yd8b6]}) 26... Kb8 27. Nd3 Ka7 {That is final destination
of black king.} (27... Rxg3 $17) (27... Qh4 $17) 28. Nhf4 ({Better chance was:
} 28. Rxg6 fxg6 29. Nhf4 Qe8 30. Qc2 g5 31. Ne2 $17 f4 32. Nc5 Bxc5 33. dxc5
Rb2 $17) 28... Rxg3 29. hxg3 Qb6 30. Ne1 Be7 {Black breaks through the
queenside. c3-pawn, which was the weakness at the beginning, now became the
dangerous passed pawn.} 31. Qd3 Qa6 $19 {The following stage of the game was
held in a hard mutual time-trouble.} 32. Qc2 Rb2 33. Qc1 Bb4 34. Nfd3 Rd2 35.
Nf3 {Just few seconds on my clock...} (35. Nxb4 axb4 (35... Rxd1 36. Nxc6+ Qxc6
37. Qxd1 Qc4 $19) 36. Rxd2 cxd2 37. Qxd2 Qxa4 $19) 35... Rxd3 36. Re1 Qc4 37.
Qxh6 c2 38. Rc1 Rd1+ {GM-norm... not this time, and not this way of play.} 0-1

[Event "World Women-ch k.o."]
[Site "Khanty-Mansiysk"]
[Date "2012.11.29"]
[Round "6.3"]
[White "Ushenina, Anna"]
[Black "Stefanova, Antoaneta"]
[Result "1-0"]
[WhiteElo "2452"]
[BlackElo "2491"]
[Annotator "Ushenina,A"]
[PlyCount "73"]
[EventDate "2012.11.11"]
[EventType "k.o."]
[EventRounds "6"]
[EventCountry "RUS"]
[SourceTitle "CBM 152"]
[Source "ChessBase"]
[SourceDate "2013.01.15"]
[SourceVersion "1"]
[SourceVersionDate "2013.01.15"]
[SourceQuality "1"]

1. d4 d5 2. c4 c6 3. Nf3 Nf6 4. Nc3 a6 5. c5 Nbd7 6. Bf4 Nh5 7. Bd2 Nhf6 8. Rc1
g6 9. h3 Qc7 {To prevent Bf4.} 10. g3 Bg7 (10... e5 11. Nxe5 Nxe5 12. Bf4 Nfd7
13. e4 g5 14. Bxg5 Ng6 15. exd5 Bg7 16. Qe2+ Kf8 17. d6 Qa5 $132 {1/2 Vallejo
Pons,F (2650)-Topalov,V (2801)/Monte Carlo MNC 2006 (38)}) 11. Bf4 Qd8 12. Bg2
O-O 13. O-O Nh5 14. Bd2 f5 15. Qb3 ({Another popular move is} 15. Na4 e5 16.
dxe5 Nxe5 17. Bc3 Nxf3+ 18. Bxf3 Bxc3 19. Rxc3 Ng7 (19... Nf6 $5) 20. Nb6 Rb8
21. e3 Be6 22. b4 $13 {0-1 Gajewski,G (2540)-Movsesian,S (2637)/Dresden 2007})
15... e5 $2 {This is not good.} (15... Kh8 {is much better:} 16. Ng5 (16. Na4
$5 {can be an interesting option}) 16... Ndf6 (16... Bxd4 $5 17. Nxd5 cxd5 18.
Ne6 Nxc5 $1 19. Nxc5 b6 20. Bxd5 Nxg3 21. Rfe1 $13) 17. Na4 h6 18. Nb6 Rb8 19.
Nf3 Ne4 20. Ba5 $5 (20. Qb4 Kh7 21. Ne5 Qc7 22. Bc3 Be6 23. b3 Nhf6 24. Be1 Nh5
25. Bc3 Nhf6 26. Bb2 h5 27. Qe1 Bh6 28. f3 Nd6 29. e3 Nf7 30. Qe2 h4 31. g4
Nxe5 32. dxe5 Nd7 33. Nxd7 Qxd7 34. Bd4 Rf7 35. Qe1 g5 36. Rc2 Rbf8 37. Rff2
Bg7 38. Bf1 Qc7 39. f4 Kg8 40. Bd3 gxf4 41. Rxf4 Bxe5 42. gxf5 Rg7+ 43. Rg4
Rxg4+ 44. hxg4 Bg3 45. Qc1 Bc8 46. e4 e5 47. Qg5+ Qg7 48. Qxg7+ Kxg7 49. Bf2
Bxf2+ 50. Kxf2 {1/2 Vallejo Pons,F (2664)-Malakhov,V (2675)/Pamplona 2008/CBM
128})) 16. Ng5 $1 exd4 (16... Qe7 $2 17. Bxd5+ cxd5 18. Nxd5 $18) 17. Nxd5 cxd5
18. Bxd5+ ({White got nothing after} 18. Ne6 Qe7 19. Nxf8 Nxf8 20. Bxd5+ Kh8
21. Bb4 Qe5 (21... a5 22. Ba3 Qc7 23. Rfd1 $11) 22. c6 bxc6 23. Rxc6 Bd7 24.
Bd6 Qe8 25. Rfc1 {1/2 Berkes,F (2606)-Bacrot,E (2695)/Germany 2008/CBM 123})
18... Kh8 19. Ne6 Qf6 (19... Qe7 20. c6 $1 bxc6 21. Bb4 Qf6 22. Rxc6 Bb7 23.
Nxf8 Bxc6 24. Nxd7 Bxd5 25. Qxd5 Qd8 26. Rc1 Qg8 27. Qb7 Rd8 28. b3 Qe8 29. Ba5
Nxg3 30. fxg3 f4 31. Bxd8 Qe3+ 32. Kh1 Qxc1+ 33. Kg2 Qc2 34. Qf3 h5 35. Bf6 d3
36. Bxg7+ {1-0 Braun, A (2533)-Laznicka,V (2601)/Gaziantep 2008/ CBM 125 Extra}
) 20. Nxf8 Qxf8 (20... Nxf8 21. c6 bxc6 22. Rxc6 Qe5 23. Rb6 Ra7 24. Rc1 {
with the initiative.}) 21. Bxb7 (21. c6 bxc6 22. Rxc6 Rb8 {with the idea ...Bb7
} 23. Bb4 Rxb4 24. Rxc8 Qxc8 25. Qxb4 f4 $132) 21... Rb8 (21... Bxb7 22. Qxb7 {
[%cal Gc5c6]} Nhf6 23. c6 Ne5 24. c7 $18) 22. c6 Nc5 23. Qb6 $1 (23. Rxc5 Qxc5
24. Rc1 Qe7 25. Bb4 Qe4 {White has wonderful compensation.}) 23... Nxb7 (23...
Bxb7 24. Qxc5 Ba8 25. Qxf8+ Rxf8 26. b4 Rc8 27. a4 Nf6 28. b5 $16 {The white
pawns are extremely dangerous.}) 24. Qa7 {The key move.} Be5 (24... Be6 25.
cxb7 Be5 26. Qxa6 Qe7 27. Bb4 $18) 25. c7 Ra8 26. Qxa8 Qe8 (26... f4 27. g4 Nf6
28. Rc6 $18) 27. Qxa6 Nc5 28. Qa8 Ne4 $138 29. Rc2 Nxd2 30. Rxd2 Kg7 (30... Ng7
{[%cal Gg7e6]} 31. Rc1 Ne6 32. Qd5 $18) 31. Rc2 Kh6 32. b4 Bd6 33. Qd5 Nxg3 34.
Qxd6 Nxf1 35. Qxd4 g5 36. Qf6+ Kh5 37. Rc6 1-0